कथा-कहानी (Record no. 7333)

MARC details
000 -LEADER
fixed length control field 00896 a2200217 4500
020 ## - INTERNATIONAL STANDARD BOOK NUMBER
International Standard Book Number 8189462040
Terms of availability 100.00
035 ## - SYSTEM CONTROL NUMBER
System control number B-211900
037 ## - SOURCE OF ACQUISITION
Source of stock number/acquisition D.B.Act / Pub
082 14 - DEWEY DECIMAL CLASSIFICATION NUMBER
Classification number 821
090 ## - LOCALLY ASSIGNED LC-TYPE CALL NUMBER (OCLC); LOCAL CALL NUMBER (OCLC)
-- 7463
-- 7463
100 1# - MAIN ENTRY--PERSONAL NAME
Personal name तिवारी, रमा
245 1# - TITLE STATEMENT
Title कथा-कहानी
Statement of responsibility, etc रमा तिवारी
246 ## - VARYING FORM OF TITLE
Title proper/short title Katha-Kahani
Remainder of title by Rama Tiwari
260 ## - PUBLICATION, DISTRIBUTION, ETC. (IMPRINT)
Place of publication, distribution, etc जयपुर
Name of publisher, distributor, etc अपोलो प्रकाशन
Date of publication, distribution, etc 2006
270 ## - ADDRESS
Address 25,सिद्धेश्वर मन्दिर के पीछे,पंचवटी, राजापार्क
City जयपुर
300 ## - PHYSICAL DESCRIPTION
Extent 92पृ
Other physical details (सचित्र)
Dimensions 22सेमी(सजिल्द)
650 ## - SUBJECT ADDED ENTRY--TOPICAL TERM
Topical term or geographic name as entry element हिन्दी कविताएँ
650 ## - SUBJECT ADDED ENTRY--TOPICAL TERM
Topical term or geographic name as entry element Hindi poem
942 ## - ADDED ENTRY ELEMENTS (KOHA)
Institution code [OBSOLETE] dpl
Koha item type Children Books
Call number prefix 821 / तिवारी
Holdings
Withdrawn status Lost status Source of classification or shelving scheme Damaged status Not for loan Collection code Home library Current library Date acquired Source of acquisition Cost, normal purchase price Total Checkouts Full call number Barcode Date last seen Cost, replacement price Koha item type
    Dewey Decimal Classification     Non-fiction Yojana Vihar Yojana Vihar 23/07/2008 BPPD/PUB 100.00   921 B-211900 15/09/2008 100.00 Children Books

© Delhi Public Library
Hit Counter
free hit counter